| 000 | 00448nam a2200157Ia 4500 | ||
|---|---|---|---|
| 008 | 151021s9999 xx 000 0 und d | ||
| 020 | _a193239477 | ||
| 050 | _aTK 5705.8885.A26 N 45 2007 | ||
| 245 | _a_ASP.NET 2.0 Web Parts In Action | ||
| 260 | _aU.S.A manning Publishers 2007 | ||
| 300 | _axx,324p,;ill | ||
| 500 | _aincludes index | ||
| 500 | _aincludes index | ||
| 650 | _a_Portal Frame work | ||
| 980 | _a^d20120827 01:01:55^okorir | ||
| 999 |
_c12506 _d12506 |
||